| 000 | 00591nam 2200205 4500 | ||
|---|---|---|---|
| 001 | 5731 | ||
| 010 | _a2-234-00012-2 | ||
| 090 | _a5731 | ||
| 100 | _a20190729k u||y0frey50 ba | ||
| 101 | _afre | ||
| 200 |
_aLa politique de la folie _bBrochure _fBernard Cuau et Denise Zigante |
||
| 210 |
_aParis _cStock _d1973 |
||
| 215 |
_a217 p. _ctabl., diagr. _d21 cm |
||
| 225 | _aLutter | ||
| 300 | _aEn appendice, choix de documents | ||
| 606 |
_9879 _aPsychiatrie |
||
| 607 |
_9521 _aFrance |
||
| 700 |
_96509 _aCuau _bBernard _f1935-1995 |
||
| 701 |
_96510 _aZigante _bDenise _f1935-2004 |
||
| 801 |
_aCH _bCH-002049-8 |
||